| 000 | 00516nam a2200217Ia 4500 | ||
|---|---|---|---|
| 003 | IT-RoPAU | ||
| 008 | 120407s9999 xx 000 0 und d | ||
| 040 | _aIT-RoPAU | ||
| 040 | _cIT-RoPAU | ||
| 041 | _aita | ||
| 100 | _aAngelo Penna | ||
| 245 | _a"Baruch - Geremia - Giudici e Rut - Isaia - Libro dei Maccabei. A cura di Penna A. " | ||
| 250 | _aTorino | ||
| 260 | _aMarietti | ||
| 260 | _c1952 | ||
| 300 | _c24 cm | ||
| 490 | _aLa S. Bibbia/Garofalo | ||
| 490 | _v44 | ||
| 942 | _cBK | ||
| 999 |
_c21265 _d21265 |
||